Tejas y laminas de fibra-cemento : Proyecto (Registro nro. 3455)
[ vista simple ]
| 000 -LEADER | |
|---|---|
| fixed length control field | 00731nam a2200193Ia 4500 |
| 005 - DATE AND TIME OF LATEST TRANSACTION | |
| control field | 20251020182614.0 |
| 008 - FIXED-LENGTH DATA ELEMENTS--GENERAL INFORMATION | |
| fixed length control field | 200515s9999 xx 000 0 und d |
| 082 ## - DEWEY DECIMAL CLASSIFICATION NUMBER | |
| Classification number | SC/691.42/M79 |
| 100 ## - MAIN ENTRY--PERSONAL NAME | |
| Personal name | MOROMI NAKATA, Isabel PLASENCIA CONTRERAS, Oswaldo |
| 245 #0 - TITLE STATEMENT | |
| Title | Tejas y laminas de fibra-cemento : Proyecto |
| 260 ## - PUBLICATION, DISTRIBUTION, ETC. | |
| Place of publication, distribution, etc. | Lima |
| 260 ## - PUBLICATION, DISTRIBUTION, ETC. | |
| Date of publication, distribution, etc. | s.a. |
| 300 ## - PHYSICAL DESCRIPTION | |
| Extent | 128 |
| 520 ## - SUMMARY, ETC. | |
| Summary, etc. | Constituye el Informe Final del Estudio de Investigación denominado "cobertura de Techos : Tejas y Laminas de Fibra Cemento", en el cual se ha evaluado la posibilidad técnica y económica que dichos elementos poseen para su utilización en nuestro país |
| 650 ## - SUBJECT ADDED ENTRY--TOPICAL TERM | |
| Topical term or geographic name entry element | FIBRACEMENTO |
| 650 ## - SUBJECT ADDED ENTRY--TOPICAL TERM | |
| Topical term or geographic name entry element | LAMINAS ONDULADAS |
| 650 ## - SUBJECT ADDED ENTRY--TOPICAL TERM | |
| Topical term or geographic name entry element | TEJAS |
| 942 ## - ADDED ENTRY ELEMENTS (KOHA) | |
| Koha item type | Libros |
| Fecha de la última vez que lo usaron | Pago total | Signatura topográfica completa | Código de barras | Precio efectivo desde | Tipo de documento | Estado perdido | Estado dañado | No es para préstamo | Retirado | Ubicación permanente | Ubicación actual | Fecha de adquisición |
|---|---|---|---|---|---|---|---|---|---|---|---|---|
| 15/05/2020 | SC/691.42/M79 | Bib-Lima15053455 | 15/05/2020 | Libros | Biblioteca Central Lima | Biblioteca Central Lima | 15/05/2020 |